[Event "Vendredi 2018.03.23 A"]
[Site "Montreal CAN"]
[Date "2018.03.30"]
[Round "2"]
[White "Nunez, Omar"]
[Black "Tinica, Gabriel"]
[Result "1-0"]
[WhiteElo "1979"]
[BlackElo "1960"]
[PlyCount "69"]
[EventDate "2018.03.23"]
[EventType "tourn"]
[EventRounds "3"]
[EventCountry "CAN"]

1. f4 c5 2. e4 g6 3. d3 Bg7 4. g3 e6 5. Nd2 Ne7 6. Bg2 O-O 7. Nh3 d5 8. e5 Nbc6
9. O-O Nf5 10. Nf3 Ncd4 11. c3 Nxf3+ 12. Qxf3 Rb8 13. Qf2 d4 14. g4 Nh6 15. Qg3
Qc7 16. Qh4 Qd8 17. Qg3 Qc7 18. Bd2 Bd7 19. cxd4 cxd4 20. Bb4 Qb6 21. Bxf8 Rxf8
22. Rf2 Rc8 23. Raf1 Qa5 24. a3 b5 25. Ng5 b4 26. axb4 Qxb4 27. Be4 Qc5 28. Qh4
a5 29. Qg3 f6 30. exf6 Bxf6 31. Bb7 Rc7 32. Ne4 Qe7 33. Nxf6+ Qxf6 34. Ba6 Nf7
35. f5 1-0

[Event "Vendredi 2018.03.23 A"]
[Site "Montreal CAN"]
[Date "2018.04.06"]
[Round "3"]
[White "McDonough, Jonathan"]
[Black "Nunez, Omar"]
[Result "1/2-1/2"]
[WhiteElo "2190"]
[BlackElo "1979"]
[PlyCount "34"]
[EventDate "2018.03.23"]
[EventType "tourn"]
[EventRounds "3"]
[EventCountry "CAN"]

1. e4 d5 2. exd5 Qxd5 3. Nc3 Qa5 4. d4 Nf6 5. Nf3 Nc6 6. Bb5 Bd7 7. O-O O-O-O
8. Bd2 a6 9. a4 e6 10. Ne5 Qb4 11. Nxf7 axb5 12. axb5 Nb8 13. Nxd8 Kxd8 14. Ra8
Kc8 15. Qa1 Bxb5 16. Ne4 Qc4 17. Re1 Bd6 1/2-1/2

[Event "Vendredi 2018.03.23 A"]
[Site "Montreal CAN"]
[Date "2018.04.06"]
[Round "3"]
[White "Tinica, Gabriel"]
[Black "Cardona, Misael"]
[Result "0-1"]
[WhiteElo "1960"]
[BlackElo "2198"]
[PlyCount "42"]
[EventDate "2018.03.23"]
[EventType "tourn"]
[EventRounds "3"]
[EventCountry "CAN"]

1. d4 Nf6 2. Bf4 e6 3. e3 c5 4. c3 Nc6 5. Nd2 d5 6. Bd3 Qb6 7. Qc2 Bd7 8. Ngf3
Rc8 9. Qb1 Nh5 10. Bg5 h6 11. Bh4 cxd4 12. exd4 Nf4 13. O-O Nxd3 14. Qxd3 Bd6
15. b4 O-O 16. Nb3 Ne7 17. Bxe7 Bxe7 18. Rfe1 Bb5 19. Qe3 Qc7 20. Rac1 Bd6 21.
h3 Bf4 0-1

[Event "Vendredi 2018.05.11 A"]
[Site "Montreal CAN"]
[Date "2018.05.11"]
[Round "1"]
[White "Yu, Zong Yang"]
[Black "Cardona, Misael"]
[Result "1-0"]
[WhiteElo "2465"]
[BlackElo "2196"]
[PlyCount "93"]
[EventDate "2018.05.11"]
[EventType "tourn"]
[EventRounds "3"]
[EventCountry "CAN"]

1. d4 d6 2. g3 f5 3. Bg2 g6 4. Nh3 Nf6 5. d5 Na6 6. Nf4 e5 7. dxe6 c6 8. c4 Nc5
9. Nc3 Nxe6 10. h4 Bg7 11. h5 gxh5 12. Nxh5 Nxh5 13. Rxh5 O-O 14. Bd2 a5 15.
Qc2 a4 16. Kf1 a3 17. b3 Qf6 18. Rb1 Bd7 19. e3 Be8 20. Rh1 Bg6 21. f4 Rae8 22.
Kf2 Rf7 23. b4 Rfe7 24. Rhe1 Nd4 25. Qd3 Ne6 26. Bf3 Qf7 27. Rbd1 Rd8 28. Ne2
Nc7 29. Bc3 d5 30. Bxg7 Qxg7 31. cxd5 Nxd5 32. Qxa3 Rde8 33. Bxd5+ cxd5 34. Nd4
Qf6 35. Nf3 Bh5 36. Qb3 Bf7 37. Ne5 Rxe5 38. fxe5 Rxe5 39. Rd4 Re8 40. Qd3 Ra8
41. Re2 Qe5 42. Rf4 Bg6 43. Rd2 Rd8 44. a4 Qa1 45. b5 d4 46. Rxd4 Rf8 47. Rd8
1-0

[Event "Vendredi 2018.05.11 A"]
[Site "Montreal CAN"]
[Date "2018.05.18"]
[Round "2"]
[White "Cardona, Misael"]
[Black "McDonough, Jonathan"]
[Result "1/2-1/2"]
[WhiteElo "2196"]
[BlackElo "2205"]
[PlyCount "130"]
[EventDate "2018.05.11"]
[EventType "tourn"]
[EventRounds "3"]
[EventCountry "CAN"]

1. d4 Nf6 2. c4 g6 3. Nc3 d5 4. Nf3 Bg7 5. Bg5 Ne4 6. cxd5 Nxg5 7. Nxg5 e6 8.
Qd2 h6 9. Nh3 exd5 10. Nf4 c6 11. e3 O-O 12. Be2 Re8 13. O-O Nd7 14. Rfc1 Bf8
15. Bd3 Nf6 16. Qc2 Bd6 17. g3 Qe7 18. Rab1 g5 19. Ng2 Qe6 20. f3 Qh3 21. Nd1
Bc7 22. Nf2 Qe6 23. Re1 Bb6 24. Kh1 Bd7 25. Rbd1 Kg7 26. Qc3 Qd6 27. Bc2 c5 28.
dxc5 Qxc5 29. Qxc5 Bxc5 30. Nd3 Bb6 31. Bb3 a5 32. a3 Bh3 33. Nf2 Be6 34. Ba4
Re7 35. Rd3 Rd8 36. Red1 Ba7 37. Rc1 Rc8 38. Rxc8 Bxc8 39. Rc3 Bf5 40. g4 Bg6
41. Nd1 h5 42. h3 hxg4 43. hxg4 d4 44. exd4 Nd5 45. Rc8 Nb6 46. Re8 Rc7 47. Bb3
a4 48. Ba2 Rd7 49. Nc3 Rxd4 50. Re7 Nd7 51. Ne3 Bc5 52. Nf5+ Kf8 53. Nxd4 Kxe7
54. Ndb5 Nb6 55. Nd5+ Nxd5 56. Bxd5 b6 57. Nc3 Kd6 58. Bc4 f5 59. Bd3 fxg4 60.
Bxg6 gxf3 61. Be4 g4 62. Bf5 g3 63. Ne4+ Ke5 64. Nxg3 Bd4 65. Bc2 Bxb2 1/2-1/2

[Event "Vendredi 2018.05.11 A"]
[Site "Montreal CAN"]
[Date "2018.05.25"]
[Round "3"]
[White "McDonough, Jonathan"]
[Black "Yu, Zong Yang"]
[Result "0-1"]
[WhiteElo "2205"]
[BlackElo "2465"]
[PlyCount "62"]
[EventDate "2018.05.11"]
[EventType "tourn"]
[EventRounds "3"]
[EventCountry "CAN"]

1. Nf3 Nf6 2. c4 g6 3. g3 Bg7 4. Bg2 O-O 5. O-O d6 6. Nc3 e5 7. d3 Nc6 8. Rb1
a5 9. a3 Re8 10. Bg5 h6 11. Bxf6 Bxf6 12. b4 axb4 13. axb4 Ne7 14. Nd2 Bg7 15.
Qb3 c6 16. b5 Be6 17. bxc6 bxc6 18. Rfc1 Qa5 19. Qb6 Qxb6 20. Rxb6 d5 21. cxd5
cxd5 22. Nb5 Ra2 23. Nf3 Rc8 24. Re1 Rb2 25. Rb7 e4 26. dxe4 dxe4 27. Rxe7 exf3
28. Na7 Rxe2 29. Rb1 Rec2 30. Bxf3 Rxf2 31. Ba8 Bd4 0-1

[Event "Vendredi 2018.09.14"]
[Site "Montreal CAN"]
[Date "2018.09.14"]
[Round "1"]
[White "McDonough, Jonathan"]
[Black "Tanaka, Tyler"]
[Result "1/2-1/2"]
[WhiteElo "2192"]
[BlackElo "2142"]
[PlyCount "55"]
[EventDate "2018.09.14"]
[EventType "tourn"]
[EventRounds "3"]
[EventCountry "CAN"]

1. Nf3 Nf6 2. c4 g6 3. Nc3 Bg7 4. d4 O-O 5. Bg5 c5 6. e3 h6 7. Bh4 d6 8. Be2 g5
9. Bg3 Nh5 10. d5 Bf5 11. Bd3 Bxd3 12. Qxd3 Nd7 13. e4 a6 14. O-O Nxg3 15. fxg3
Qa5 16. a3 b5 17. h4 g4 18. Nh2 Ne5 19. Qe2 Nxc4 20. Rac1 Nxb2 21. Nxg4 h5 22.
Ne3 Bxc3 23. Nf5 e6 24. Ne7+ Kg7 25. Qxh5 Bd4+ 26. Kh2 Qd2 27. Rf4 Qxc1 28.
Qg5+ 1/2-1/2

[Event "Vendredi 2018.09.14"]
[Site "Montreal CAN"]
[Date "2018.09.21"]
[Round "2"]
[White "McDonough, Jonathan"]
[Black "Beaulieu, Eric"]
[Result "1/2-1/2"]
[WhiteElo "2192"]
[BlackElo "2274"]
[PlyCount "128"]
[EventDate "2018.09.14"]
[EventType "tourn"]
[EventRounds "3"]
[EventCountry "CAN"]

1. Nf3 c5 2. g3 Nc6 3. d4 cxd4 4. Nxd4 Qb6 5. Nb3 Nf6 6. Bg2 e6 7. O-O d5 8.
Be3 Qc7 9. Nc3 Be7 10. Nb5 Qd8 11. c4 a6 12. Nc3 dxc4 13. Qxd8+ Bxd8 14. Nd2
Na5 15. Bc5 Bd7 16. Nde4 Nxe4 17. Nxe4 Bc7 18. Bb4 Nc6 19. Nd6+ Bxd6 20. Bxd6
Rc8 21. e3 Nd8 22. Rfc1 f6 23. Bf1 b5 24. a4 Nb7 25. Bb4 a5 26. Be1 Nc5 27.
Rab1 Nb3 28. Rc3 Ke7 29. axb5 Bxb5 30. Rxb3 cxb3 31. Bxb5 Rc5 32. Bd3 Rd8 33.
Be2 Kf7 34. Kf1 Rdc8 35. Bd2 a4 36. Ke1 Rc2 37. Bd1 R2c4 38. Be2 Rc2 39. Bd3
R2c5 40. Bb4 Rd5 41. Ke2 Rb8 42. Bc3 Rc8 43. Ra1 Rxc3 44. bxc3 b2 45. Rxa4 Rxd3
46. Ra7+ Kg6 47. Rb7 Rxc3 48. Rxb2 e5 49. h3 h5 50. Rb7 Ra3 51. e4 h4 52. Rb1
hxg3 53. Rg1 Ra2+ 54. Ke3 Ra3+ 55. Ke2 g2 56. Rxg2+ Kf7 57. Rg3 Ra2+ 58. Ke3 g5
59. Kf3 Ra1 60. h4 gxh4 61. Rh3 Ra3+ 62. Kg4 Ra8 63. Rxh4 Rg8+ 64. Kf3 Ke6
1/2-1/2

[Event "Vendredi 2018.09.14"]
[Site "Montreal CAN"]
[Date "2018.09.28"]
[Round "3"]
[White "Beaulieu, Eric"]
[Black "Tanaka, Tyler"]
[Result "0-1"]
[WhiteElo "2274"]
[BlackElo "2142"]
[PlyCount "67"]
[EventDate "2018.09.14"]
[EventType "tourn"]
[EventRounds "3"]
[EventCountry "CAN"]

1. d4 Nf6 2. c4 g6 3. Nc3 Bg7 4. e4 d6 5. Be2 O-O 6. Nf3 c5 7. d5 e6 8. O-O
exd5 9. cxd5 Bg4 10. Bf4 a6 11. a4 Bxf3 12. Bxf3 Qe7 13. Re1 Nbd7 14. a5 Rab8
15. Be2 Ne5 16. Qd2 Rfe8 17. h3 Nfd7 18. Bg5 Bf6 19. Bxf6 Nxf6 20. f4 Ned7 21.
Bc4 b5 22. axb6 Rxb6 23. Rxa6 Rb4 24. b3 Nb6 25. e5 Nh5 26. Nb5 Nxc4 27. bxc4
dxe5 28. d6 Qh4 29. d7 Rd8 30. Raa1 Nxf4 31. Rad1 Rb3 32. Re3 Rxd7 33. Rxb3
Rxd2 34. Rxd2 0-1

[Event "Vendredi 2018.10.12"]
[Site "Montreal CAN"]
[Date "2018.10.12"]
[Round "1"]
[White "McDonough, Jonathan"]
[Black "Huang, Qiuyu"]
[Result "0-1"]
[WhiteElo "2219"]
[BlackElo "2250"]
[PlyCount "100"]
[EventDate "2018.10.12"]
[EventType "tourn"]
[EventRounds "3"]
[EventCountry "CAN"]

1. d4 d5 2. c4 e6 3. Nf3 Nf6 4. g3 Be7 5. Bg2 O-O 6. O-O c6 7. Qc2 b6 8. Nbd2
Bb7 9. e4 Na6 10. e5 Nd7 11. Rd1 Nb4 12. Qb3 Qc7 13. a3 dxc4 14. Nxc4 Nd5 15.
Bg5 f6 16. exf6 gxf6 17. Bh6 Rfe8 18. Qd3 Bf8 19. Bxf8 Nxf8 20. Rac1 Rad8 21.
Qe4 Qg7 22. Nh4 Ng6 23. Nxg6 hxg6 24. Re1 Nc7 25. Rcd1 Ba8 26. Qe3 Rd7 27. a4
Red8 28. Bh3 c5 29. Bxe6+ Nxe6 30. Qxe6+ Qf7 31. Qxf7+ Kxf7 32. Rd2 Rxd4 33.
Red1 Bf3 34. Rxd4 cxd4 35. Rd2 Ke6 36. h3 Kd5 37. b3 Kc5 38. Kf1 Kb4 39. Rb2
Re8 40. Rd2 Kc3 41. Ra2 d3 42. Nd2 Bd5 43. a5 Bxb3 44. Nb1+ Kc4 45. Nd2+ Kc3
46. Nb1+ Kd4 47. Rb2 Bc2 48. axb6 axb6 49. Rxb6 Bxb1 50. Rxb1 d2 0-1

[Event "Vendredi 2018.10.12"]
[Site "Montreal CAN"]
[Date "2018.10.19"]
[Round "2"]
[White "Toenz, Antoine"]
[Black "Huang, Qiuyu"]
[Result "1/2-1/2"]
[WhiteElo "2033"]
[BlackElo "2250"]
[PlyCount "130"]
[EventDate "2018.10.12"]
[EventType "tourn"]
[EventRounds "3"]
[EventCountry "CAN"]

1. e4 c5 2. Nc3 Nc6 3. Bb5 g6 4. Bxc6 bxc6 5. d3 Bg7 6. f4 d6 7. Nf3 Nh6 8. O-O
O-O 9. Qe2 f6 10. Na4 e5 11. fxe5 fxe5 12. Bg5 Qc7 13. Bd2 Ng4 14. h3 Nf6 15.
b3 Nh5 16. Qe3 Nf4 17. Rf2 Bh6 18. Qe1 g5 19. Kh2 Qf7 20. Ng1 Qh5 21. Nc3 g4
22. g3 Nxh3 23. Rxf8+ Bxf8 24. Nxh3 Qxh3+ 25. Kg1 Bh6 26. Bxh6 Qxh6 27. Qf2 Be6
28. Rf1 Kg7 29. Nd1 Qg5 30. Qe3 Qxe3+ 31. Nxe3 h6 32. c4 a5 33. a4 Rb8 34. Rb1
Kg6 35. Kg2 Kg5 36. Rb2 h5 37. Rb1 Rb7 38. Rb2 Rb6 39. Rb1 Rb8 40. Rb2 h4 41.
gxh4+ Kf4 42. Nf1 g3 43. Nxg3 Ke3 44. Nf1+ Kd4 45. h5 Bg4 46. h6 Rh8 47. Kg3
Bd1 48. Rh2 Rg8+ 49. Kh4 Bxb3 50. h7 Rh8 51. Kg5 Kxd3 52. Rh3+ Kc2 53. Kg6 Bxa4
54. Ra3 Bb3 55. Ne3+ Kc3 56. Rxa5 Bxc4 57. Kg7 Rxh7+ 58. Kxh7 Kd4 59. Nxc4 Kxc4
60. Kg6 Kd3 61. Ra4 c4 62. Kf5 c3 63. Ra6 d5 64. exd5 cxd5 65. Kxe5 c2 1/2-1/2

[Event "Vendredi 2018.10.12"]
[Site "Montreal CAN"]
[Date "2018.10.26"]
[Round "3"]
[White "McDonough, Jonathan"]
[Black "Toenz, Antoine"]
[Result "1/2-1/2"]
[WhiteElo "2219"]
[BlackElo "2033"]
[PlyCount "81"]
[EventDate "2018.10.12"]
[EventType "tourn"]
[EventRounds "3"]
[EventCountry "CAN"]

1. d4 d5 2. c4 c6 3. Nf3 Nf6 4. e3 e6 5. b3 Be7 6. Bd3 O-O 7. O-O dxc4 8. Bxc4
c5 9. Bb2 Nc6 10. Nbd2 b6 11. Qe2 Bb7 12. Rfd1 cxd4 13. exd4 h6 14. Rac1 Rc8
15. a3 Na5 16. Ba6 Qd5 17. b4 Bxa6 18. Qxa6 Rxc1 19. Rxc1 Nb3 20. Nxb3 Qxb3 21.
Ba1 Qa2 22. Qxa7 Nd5 23. Ne5 Bxb4 24. Nd7 Qxa3 25. Qxa3 Bxa3 26. Rc6 Rd8 27.
Nxb6 Nxb6 28. Rxb6 Bc5 29. Rb1 Bxd4 30. Bxd4 Rxd4 31. g3 e5 32. Rb7 f6 33. h4
Kh7 34. Kg2 Kg6 35. h5+ Kh7 36. f3 Rd2+ 37. Kf1 Rc2 38. Rd7 Rc1+ 39. Kf2 Rc3
40. Rb7 Rc4 41. Ke3 1/2-1/2

[Event "Vendredi 2018.11.02"]
[Site "Montreal CAN"]
[Date "2018.11.02"]
[Round "1"]
[White "McDonough, Jonathan"]
[Black "Nunez, Omar"]
[Result "1-0"]
[WhiteElo "2220"]
[BlackElo "1973"]
[PlyCount "79"]
[EventDate "2018.11.02"]
[EventType "tourn"]
[EventRounds "3"]
[EventCountry "CAN"]

1. d4 c5 2. d5 e5 3. e4 d6 4. g3 Be7 5. Bg2 Nf6 6. Ne2 Na6 7. O-O O-O 8. Nd2 b5
9. a4 Nc7 10. axb5 Nxb5 11. c3 Nc7 12. Nc4 Bd7 13. f4 Bb5 14. Na5 exf4 15. gxf4
g6 16. c4 Bd7 17. e5 Nfe8 18. Nc3 Ng7 19. Nb7 Qc8 20. exd6 Bf6 21. Nxc5 Bg4 22.
Qd3 Nf5 23. N5e4 Bd4+ 24. Kh1 Ne8 25. Nb5 Bc5 26. Nc7 Nfxd6 27. Nxa8 Nxe4 28.
Bxe4 Nd6 29. Bg2 Bf5 30. Qc3 Qxa8 31. b4 Ne4 32. Qb2 Rb8 33. bxc5 Rxb2 34. Bxb2
Nxc5 35. Bd4 Nb3 36. Rxa7 Qc8 37. Bf6 Bd3 38. Re1 Bxc4 39. d6 Be6 40. Ra8 1-0

[Event "Vendredi 2018.11.02"]
[Site "Montreal CAN"]
[Date "2018.11.09"]
[Round "2"]
[White "McDonough, Jonathan"]
[Black "Nesterov, Timour"]
[Result "1-0"]
[WhiteElo "2220"]
[BlackElo "1939"]
[PlyCount "65"]
[EventDate "2018.11.02"]
[EventType "tourn"]
[EventRounds "3"]
[EventCountry "CAN"]

1. Nf3 e6 2. d4 f5 3. g3 Nf6 4. Bg2 Be7 5. O-O O-O 6. b3 d6 7. Bb2 Ne4 8. Nbd2
Nxd2 9. Nxd2 Bf6 10. e4 Nc6 11. c3 e5 12. Qe2 Qe7 13. d5 Nd8 14. exf5 Bxf5 15.
Ne4 Nf7 16. c4 Ng5 17. Nxf6+ gxf6 18. f4 Nh3+ 19. Kh1 Qd7 20. fxe5 fxe5 21. Qe3
Bg4 22. c5 Qg7 23. cxd6 cxd6 24. Ba3 Rfd8 25. Rac1 Ng5 26. Rc4 Bh5 27. Rf5 h6
28. h4 Bg6 29. Rf2 Nh7 30. Bh3 Nf6 31. Be6+ Kh7 32. Rxf6 Qxf6 33. Rc7+ 1-0

[Event "Vendredi 2018.11.02"]
[Site "Montreal CAN"]
[Date "2018.11.09"]
[Round "2"]
[White "Nunez, Omar"]
[Black "Yu, Zong Yang"]
[Result "0-1"]
[WhiteElo "1973"]
[BlackElo "2457"]
[PlyCount "58"]
[EventDate "2018.11.02"]
[EventType "tourn"]
[EventRounds "3"]
[EventCountry "CAN"]

1. f4 c5 2. Nf3 g6 3. g3 Bg7 4. Bg2 Nc6 5. O-O e6 6. d3 Nge7 7. e4 O-O 8. Nc3
d6 9. Kh1 Rb8 10. Ng5 Bd7 11. a4 h6 12. Nh3 a6 13. Be3 Nd4 14. Rb1 b5 15. axb5
axb5 16. Ne2 b4 17. Qd2 Kh7 18. Nf2 Bc6 19. g4 f5 20. Ng3 b3 21. c3 Nc2 22.
gxf5 exf5 23. Kg1 Qb6 24. Rbd1 Rbe8 25. Qe2 fxe4 26. dxe4 Nxe3 27. Qxe3 Nd5 28.
Rxd5 Bxd5 29. Rd1 Ba8 0-1

[Event "Vendredi 2018.11.02"]
[Site "Montreal CAN"]
[Date "2018.11.16"]
[Round "3"]
[White "Nunez, Omar"]
[Black "Nesterov, Timour"]
[Result "1-0"]
[WhiteElo "1973"]
[BlackElo "1939"]
[PlyCount "55"]
[EventDate "2018.11.02"]
[EventType "tourn"]
[EventRounds "3"]
[EventCountry "CAN"]

1. d4 d6 2. Bf4 f5 3. e3 Nf6 4. Bd3 g6 5. h3 Bg7 6. c4 Nc6 7. Nf3 Ne4 8. Nc3
Nxc3 9. bxc3 e5 10. Bg5 Bf6 11. Bxf6 Qxf6 12. Bc2 O-O 13. Rb1 e4 14. Nd2 b6 15.
O-O Ba6 16. f3 Qg5 17. Qe2 Qh5 18. Rf2 exf3 19. Rxf3 Na5 20. Rbf1 d5 21. Bd3
Bb7 22. cxd5 Bxd5 23. e4 Rfe8 24. c4 fxe4 25. Nxe4 Rxe4 26. Bxe4 Bxc4 27. Qf2
Rd8 28. Rf8+ 1-0

[Event "Vendredi 2018.11.02"]
[Site "Montreal CAN"]
[Date "2018.11.16"]
[Round "3"]
[White "Yu, Zong Yang"]
[Black "McDonough, Jonathan"]
[Result "1/2-1/2"]
[WhiteElo "2457"]
[BlackElo "2220"]
[PlyCount "57"]
[EventDate "2018.11.02"]
[EventType "tourn"]
[EventRounds "3"]
[EventCountry "CAN"]

1. d4 Nf6 2. Nf3 g6 3. c4 Bg7 4. Nc3 d5 5. cxd5 Nxd5 6. e4 Nxc3 7. bxc3 c5 8.
Be3 Qa5 9. Qd2 O-O 10. Rc1 Rd8 11. d5 e6 12. Bg5 f6 13. Bc4 Nc6 14. Bh6 b5 15.
Bxg7 Kxg7 16. Be2 exd5 17. exd5 c4 18. O-O Be6 19. d6 Rd7 20. Rfd1 Qa3 21. Rb1
a6 22. Qb2 Qc5 23. a4 Rb8 24. axb5 axb5 25. Qd2 Bf5 26. Rb2 b4 27. cxb4 Rxb4
28. Rxb4 Nxb4 29. Qc3 1/2-1/2

[Event "Vendredi 2018.11.30"]
[Site "Montreal CAN"]
[Date "2018.11.30"]
[Round "1"]
[White "Huang, Qiuyu"]
[Black "Cardona, Misael"]
[Result "1/2-1/2"]
[WhiteElo "2236"]
[BlackElo "2200"]
[PlyCount "78"]
[EventDate "2018.11.30"]
[EventType "tourn"]
[EventRounds "3"]
[EventCountry "CAN"]

1. e4 c5 2. Nf3 d6 3. d4 cxd4 4. Nxd4 Nf6 5. Nc3 e6 6. Bg5 a6 7. Qd2 b5 8. f3
Be7 9. a4 b4 10. Na2 e5 11. Nf5 Bxf5 12. exf5 a5 13. Bb5+ Nbd7 14. Bxf6 gxf6
15. c3 b3 16. Nc1 O-O 17. Nxb3 Nb6 18. O-O-O Qc7 19. Qe2 d5 20. Rd3 Kh8 21. Kc2
Rg8 22. g4 Rgc8 23. Re1 Rab8 24. h4 d4 25. Nxd4 Nd5 26. Nc6 Nf4 27. Qe4 Nxd3
28. Qxd3 Rb6 29. Nxa5 Rd6 30. Qc4 Qd8 31. Qxf7 Rd2+ 32. Kc1 Rxb2 33. Kxb2 Qd2+
34. Kb1 Qxe1+ 35. Ka2 Qd2+ 36. Kb1 Qe1+ 37. Kb2 Qd2+ 38. Kb1 Qd1+ 39. Kb2 Qd2+
1/2-1/2

[Event "Vendredi 2018.11.30"]
[Site "Montreal CAN"]
[Date "2018.11.30"]
[Round "1"]
[White "Nesterov, Timour"]
[Black "Toenz, Antoine"]
[Result "1/2-1/2"]
[WhiteElo "1951"]
[BlackElo "2047"]
[PlyCount "58"]
[EventDate "2018.11.30"]
[EventType "tourn"]
[EventRounds "3"]
[EventCountry "CAN"]

1. d4 d5 2. Bf4 Nf6 3. e3 e6 4. Bd3 c5 5. c3 Nc6 6. Nf3 Be7 7. Nbd2 b6 8. Ne5
Nxe5 9. Bxe5 O-O 10. O-O a5 11. Re1 Ba6 12. Bc2 Nd7 13. Bg3 f5 14. f3 Bh4 15.
e4 Bxg3 16. hxg3 fxe4 17. fxe4 Qg5 18. exd5 exd5 19. Nf3 Qxg3 20. dxc5 Nxc5 21.
Qxd5+ Kh8 22. Re7 Bb7 23. Rxb7 Nxb7 24. Qxb7 Rae8 25. Be4 Qg4 26. Bc6 Re2 27.
Nd4 Qg3 28. Nxe2 Qf2+ 29. Kh2 Qh4+ 1/2-1/2

[Event "Vendredi 2018.11.30"]
[Site "Montreal CAN"]
[Date "2018.12.07"]
[Round "2"]
[White "Huang, Qiuyu"]
[Black "Nesterov, Timour"]
[Result "1-0"]
[WhiteElo "2236"]
[BlackElo "1951"]
[PlyCount "83"]
[EventDate "2018.11.30"]
[EventType "tourn"]
[EventRounds "3"]
[EventCountry "CAN"]

1. e4 e6 2. d4 d5 3. Nc3 Nf6 4. Bg5 dxe4 5. Nxe4 Be7 6. Bxf6 Bxf6 7. Nf3 Nc6 8.
c3 O-O 9. Bd3 b6 10. Qc2 h6 11. h4 e5 12. d5 Qxd5 13. Rd1 Qe6 14. Neg5 Qe7 15.
Bb5 e4 16. O-O Ne5 17. Qxe4 Nxf3+ 18. Qxf3 hxg5 19. hxg5 Bxg5 20. Qxa8 Bg4 21.
Qxa7 Bxd1 22. Rxd1 Qc5 23. Qa4 g6 24. Bc4 Bf6 25. Bb3 Qh5 26. Qe4 Kg7 27. Rd7
Be5 28. g3 Bd6 29. Kg2 Qb5 30. Qe6 Qf5 31. Qxf5 gxf5 32. a4 Kf6 33. f4 Kg6 34.
Bd5 Kg7 35. b4 Kg6 36. a5 bxa5 37. bxa5 Rc8 38. Rxd6+ cxd6 39. a6 Rc7 40. Bb7
Kf6 41. a7 Rxb7 42. a8=Q 1-0

[Event "Vendredi 2018.11.30"]
[Site "Montreal CAN"]
[Date "2018.12.14"]
[Round "3"]
[White "Nesterov, Timour"]
[Black "Cardona, Misael"]
[Result "0-1"]
[WhiteElo "1951"]
[BlackElo "2200"]
[PlyCount "66"]
[EventDate "2018.11.30"]
[EventType "tourn"]
[EventRounds "3"]
[EventCountry "CAN"]

1. d4 f5 2. g3 Nf6 3. Bg2 g6 4. Nd2 Bg7 5. e4 fxe4 6. Nxe4 Nxe4 7. Bxe4 O-O 8.
Ne2 Nc6 9. Be3 d6 10. Qd2 e5 11. O-O-O d5 12. Bg2 e4 13. h4 Bg4 14. Rde1 Bxe2
15. Rxe2 Qf6 16. c3 b5 17. Bg5 Qd6 18. Bh6 b4 19. Bxg7 Kxg7 20. h5 bxc3 21.
Qxc3 Nb4 22. Qe3 h6 23. hxg6 Qxg6 24. Rh4 Qg5 25. Kb1 Rf6 26. f4 exf3 27. Bxf3
Qf5+ 28. Be4 dxe4 29. Rf4 Qe6 30. b3 Nd5 31. Rxf6 Qxf6 32. Qd2 e3 33. Qd3 Qg6
0-1

[Event "Vendredi 2018.11.30"]
[Site "Montreal CAN"]
[Date "2018.12.14"]
[Round "3"]
[White "Toenz, Antoine"]
[Black "Huang, Qiuyu"]
[Result "0-1"]
[WhiteElo "2047"]
[BlackElo "2236"]
[PlyCount "60"]
[EventDate "2018.11.30"]
[EventType "tourn"]
[EventRounds "3"]
[EventCountry "CAN"]

1. e4 c5 2. Nc3 Nc6 3. Bb5 g6 4. Bxc6 bxc6 5. d3 Bg7 6. f4 d6 7. Nf3 Rb8 8. O-O
Nh6 9. Qe2 O-O 10. h3 f6 11. b3 e5 12. fxe5 fxe5 13. Be3 Nf7 14. Qd2 h6 15. Na4
Qe7 16. c4 g5 17. Nh2 Be6 18. Nc3 Nh8 19. h4 gxh4 20. Bxh6 Ng6 21. Rxf8+ Rxf8
22. Bg5 Bf6 23. Bh6 Rf7 24. Rf1 Bg7 25. Ne2 Nf4 26. Bxf4 exf4 27. Rxf4 Bf6 28.
Qc1 Rg7 29. Qf1 Be5 30. Rf8+ Qxf8 0-1

[Event "Victoria op RR"]
[Site "Victoria CAN"]
[Date "2018.01.12"]
[Round "1"]
[White "Cordon, Ian"]
[Black "Schnabel, Bennett"]
[Result "1/2-1/2"]
[WhiteElo "2041"]
[BlackElo "2093"]
[PlyCount "139"]
[EventDate "2018.01.12"]
[EventType "tourn"]
[EventRounds "5"]
[EventCountry "CAN"]

1. c4 f5 2. Nc3 Nf6 3. g3 g6 4. Bg2 Bg7 5. e3 d6 6. Nge2 O-O 7. O-O e5 8. d4 c6
9. Qc2 Be6 10. b3 a5 11. Ba3 e4 12. Rad1 Na6 13. d5 cxd5 14. Nf4 Bf7 15. Nfxd5
Nxd5 16. Nxd5 Nc5 17. Nc3 Qb6 18. Rd2 Nd3 19. Rfd1 Rfc8 20. Na4 Qc7 21. Nb2 Nb4
22. Qb1 Rd8 23. Bf1 Rac8 24. Na4 Be8 25. Nb2 Bc3 26. Re2 h5 27. Rc1 Be5 28. Nd1
h4 29. Nc3 hxg3 30. hxg3 Bc6 31. Rd2 Qh7 32. Bxb4 axb4 33. Nd5 Bxd5 34. Rxd5 b6
35. Rcd1 Rc5 36. Qc2 Kf7 37. Qd2 Kf6 38. Qxb4 Qa7 39. a4 Rh8 40. Rxd6+ Bxd6 41.
Rxd6+ Kg5 42. Qxb6 Qh7 43. Rxg6+ Qxg6 44. Qxc5 Qh7 45. Bg2 Rd8 46. Qe5 Rd1+ 47.
Bf1 Qd7 48. Kg2 Rb1 49. Qd5 Qxd5 50. cxd5 Rxb3 51. d6 Kf6 52. g4 fxg4 53. Bb5
Rb1 54. Bc6 Rb6 55. d7 Ke7 56. Bb5 Rb8 57. Kg3 Rf8 58. Be2 Kxd7 59. Bxg4+ Kd6
60. Be2 Ra8 61. Bd1 Ke5 62. f3 Rd8 63. f4+ Kf6 64. Be2 Rd2 65. Ba6 Ra2 66. Bb5
Rc2 67. Bf1 Ra2 68. Bb5 Rc2 69. Bf1 Ra2 70. Bb5 1/2-1/2

[Event "Victoria op RR"]
[Site "Victoria CAN"]
[Date "2018.01.12"]
[Round "1"]
[White "Fratila, Adela"]
[Black "Gansvind, Valeriya"]
[Result "1/2-1/2"]
[WhiteElo "2202"]
[BlackElo "2190"]
[PlyCount "102"]
[EventDate "2018.01.12"]
[EventType "tourn"]
[EventRounds "5"]
[EventCountry "CAN"]

1. d4 g6 2. Bf4 d6 3. Nc3 Bg7 4. Qd2 c6 5. e4 b5 6. h4 h5 7. Be2 b4 8. Nd1 Qb6
9. e5 d5 10. Nf3 Nh6 11. a3 b3 12. cxb3 Qxb3 13. Rc1 Bg4 14. Ne3 Nf5 15. Nxf5
Bxf5 16. Rc3 Qb6 17. O-O Nd7 18. Rfc1 Rc8 19. b4 O-O 20. Bd3 Bxd3 21. Qxd3 e6
22. Qc2 Nb8 23. Rc5 Rfe8 24. Qd2 Nd7 25. R5c3 Qb7 26. Qc2 Nb8 27. g4 hxg4 28.
Nh2 Qb6 29. Qd3 g3 30. fxg3 a6 31. Ng4 Nd7 32. Kg2 a5 33. bxa5 Qxa5 34. Rh1 Qb5
35. Qd2 c5 36. Bh6 Bh8 37. Qc2 Rb8 38. h5 Qb2 39. hxg6 fxg6 40. Be3 Qxc2+ 41.
Rxc2 Bg7 42. Rhc1 Rb3 43. a4 Ra8 44. Ra2 cxd4 45. Bxd4 Rb4 46. Rd1 Raxa4 47.
Rxa4 Rxa4 48. Kh3 Rc4 49. Rd2 Ra4 50. Rd1 Rc4 51. Rd2 Ra4 1/2-1/2

[Event "Victoria op RR"]
[Site "Victoria CAN"]
[Date "2018.01.12"]
[Round "1"]
[White "Patterson, Roger"]
[Black "Sali, Zulfikar"]
[Result "1/2-1/2"]
[WhiteElo "2092"]
[BlackElo "2113"]
[PlyCount "159"]
[EventDate "2018.01.12"]
[EventType "tourn"]
[EventRounds "5"]
[EventCountry "CAN"]

1. e4 c5 2. Nf3 g6 3. d4 cxd4 4. Nxd4 Nc6 5. Nc3 Bg7 6. Be3 Nf6 7. Bc4 O-O 8.
Bb3 a5 9. a4 Ng4 10. Qxg4 Nxd4 11. Qh4 Nxb3 12. cxb3 d6 13. Nd5 Be6 14. Qxe7
Bxd5 15. Qxd8 Rfxd8 16. exd5 Bxb2 17. Rb1 Ba3 18. Ke2 Rac8 19. Kd3 Re8 20. Ra1
Bc5 21. Rac1 b6 22. Rhe1 f5 23. Bxc5 bxc5 24. Rxe8+ Rxe8 25. Kc4 Rb8 26. Re1
Rb4+ 27. Kc3 Rd4 28. Re7 Rxd5 29. Ra7 Rd1 30. Rxa5 Rc1+ 31. Kd2 Rb1 32. Ra8+
Kf7 33. Kc2 Rf1 34. a5 Ke6 35. a6 Kd5 36. a7 Ra1 37. Kb2 Ra6 38. Kc3 Ra2 39.
Kd3 Ra3 40. Kc2 h5 41. Kb2 Ra6 42. h4 f4 43. Kc3 Ra2 44. g3 f3 45. Rf8 {
White offered a draw.} Rxa7 46. Rxf3 Re7 47. Rf4 Re6 48. Kd3 Kc6 49. b4 Kb5 50.
bxc5 dxc5 51. Kc3 Ra6 52. g4 Ra3+ 53. Kb2 Rh3 54. gxh5 gxh5 55. f3 Rh1 56. Kc3
Rh3 57. Kd3 Rg3 58. Kc3 Rg6 59. Rf5 Ra6 60. Kb3 Re6 61. Rxh5 Re3+ 62. Kc2 Rxf3
63. Rg5 Rh3 64. h5 Rh4 65. h6 Rh2+ 66. Kc3 Rh3+ 67. Kc2 Rxh6 68. Rg3 Rh2+ 69.
Kc1 Kb4 70. Rf3 Re2 71. Rh3 Ra2 72. Rg3 Rh2 73. Rf3 Re2 74. Rh3 Kc4 75. Rg3 Kd4
76. Rh3 Re4 77. Kc2 Re2+ 78. Kc1 Kc4 79. Rg3 Kb4 80. Rh3 1/2-1/2